The Used of word Processors and Google Applications for Enhancing Student's Writing Skills at Danang College of Foreign Languages /

Bewaard in:
Bibliografische gegevens
Hoofdauteur: Phạm Thị Quỳnh Như
Formaat: Onbekend
Taal:English
Gepubliceerd in: 2013.
Onderwerpen:
Tags: Voeg label toe
Geen labels, Wees de eerste die dit record labelt!
Thư viện lưu trữ: Mạng thư viện Đại học Đà Nẵng
LEADER 01179na a2200325 4500
001 000031334
003 5974
005 20230218094802.0
008 151001s2013 000 eng
040 |a LNN 
040 |a Eeng 
082 |a 420.004  |b PH-N 
100 |a Phạm Thị Quỳnh Như 
245 4 |a The Used of word Processors and Google Applications for Enhancing Student's Writing Skills at Danang College of Foreign Languages /  |c Phạm Thị Quỳnh Như. 
260 |c 2013. 
300 |a 56tr. : mh ; 30cm. 
650 |a Phạm Thị Quỳnh Như , 2013, Computer, Google 
852 |c Luận văn Sinh vien 
OWN |a LNN 
AVA |a UDN50  |b LNN  |c English  |d 420.004 PH-N  |e available  |t Error 5001 Not defined in file expand_doc_bib_avail.  |f 1  |g 0  |h N  |i 0  |j AN  |k 1 
999 |a From the UDN01 
AVA |a UDN50  |b LNN  |c English  |d 420.004 PH-N  |e available  |t Error 5001 Not defined in file expand_doc_bib_avail.  |f 1  |g 0  |h N  |i 0  |j AN  |k 1 
TYP |a Printed language 
980 |a Mạng thư viện Đại học Đà Nẵng